000 00274nam a22001217a 4500
008 170713b xxu||||| |||| 00| 0 eng d
041 _aeng
080 _a1(091)
100 _a24
101 _aFJA
245 _aA HISTORY OF MODERN PHILOSOPHY
_cHOFFDING, H
942 _2udc
_cBK
999 _c20460
_d20460